Movies Quiz

Random Movies or Pixar Quiz

Finding Nemo Typing Challenge Quiz Stats

 Plays Quiz Updated Jun 16, 2016

Score 0/42 Timer 01:00
82 Plays Today
Word(s) or name Type it here! % Correct
????
100%
????
99.3%
????
98.6%
????
97.9%
????
97.5%
????
97.1%
????
96.7%
????
96.3%
????
95.9%
????
95.5%
????
95.2%
????
94.8%
????
94.4%
????
93.9%
????
93.5%
????
93%
????
92.4%
????
91.7%
????
90.7%
????
89.5%
????
88%
Word(s) or name Type it here! % Correct
????
86.7%
????
84.7%
????
82.8%
????
80.6%
????
76.7%
????
74.1%
????
70.7%
????
67.8%
????
63.1%
????
58.6%
????
53.8%
????
48%
????
42.3%
????
37%
????
31.4%
????
26.3%
????
21.4%
????
16%
????
10.5%
????
4.8%
????
1.3%

You're not logged in!

Compare scores with friends on all Sporcle quizzes.
OR
Log In

Show Comments

Extras

Top Quizzes Today


Score Distribution

Your Account Isn't Verified!

In order to create a playlist on Sporcle, you need to verify the email address you used during registration. Go to your Sporcle Settings to finish the process.

Report this User

Report this user for behavior that violates our Community Guidelines.

Details: